Reglamento de Régimen Interior del Centro Cultural de Ex-alumnos y amigos de la Casa Provincial de Caridad
Descripción Física:
[8] f. ; 15 cm
MARC
| LEADER | 00000nam a2200000Ia 4500 | ||
|---|---|---|---|
| 001 | |||
| 008 | 160829s9999 xx 000 0 cat d | ||
| 080 | |a J-1473, exp. 3 | ||
| 110 | 2 | |a Centro Cultural de Ex alumnos y Amigos de la Casa Provincial de Caridad |9 55017 | |
| 245 | |a Reglamento de Régimen Interior del Centro Cultural de Ex-alumnos y amigos de la Casa Provincial de Caridad | ||
| 260 | |a Barcelona : |b (Imp. Casa Caritat), [1953?] | ||
| 300 | |a [8] f. ; |c 15 cm | ||
| 590 | |a Prové de Q-275, exp. 60. | ||
| 590 | |a Hi ha un duplicat a: DUP-21-87 | ||
| 610 | 2 | 0 | |a Centro Cultural de Ex alumnos y Amigos de la Casa Provincial de Caridad |x Estatuts |9 55018 |
| 901 | |a Arxiu | ||
| 942 | |n 1 | ||
| 952 | |0 0 |1 0 |4 0 |6 J1473_EXP_3 |7 1 |9 55053 |a Arxiu |b Arxiu |d 2016-12-01 |l 0 |o J-1473, exp. 3 |r 2016-12-01 00:00:00 |w 2016-12-01 |y ARXIU | ||
| 999 | |c 58923 |d 58923 | ||